Southville International School and Colleges
Your cart is empty.
  • Cart
  • Lists
    Public lists Eva Luna New books Lux_list list_1
    Your lists Log in to create your own lists
  • Log in to your account
  • Your cookies
  • Search history
Southville International School and Colleges
  • Advanced search
  • Recent comments
  • Most popular
  • Libraries

Log in to your account

Log in with GOOGLE


If you do not have an external account, but do have a local account, you can still log in:

  1. Home
  2. MARC view: 101 Spanish proverbs /
Normal view MARC view ISBD view

101 Spanish proverbs / (Record no. 109540)

[ view plain ]
MARC details
000 -LEADER
fixed length control field 00393nam a2200145 a 4500
005 - DATE AND TIME OF LATEST TRANSACTION
control field 20140414093845.0
008 - FIXED-LENGTH DATA ELEMENTS--GENERAL INFORMATION
fixed length control field 091105s19uu xx 00 eng d
050 ## - LIBRARY OF CONGRESS CALL NUMBER
Classification number CD 468.2
Item number SPA 2009
100 ## - MAIN ENTRY--PERSONAL NAME
Personal name Aparicio, Eduardo
245 ## - TITLE STATEMENT
Title 101 Spanish proverbs /
Statement of responsibility, etc Eduardo Aparicio.
260 ## - PUBLICATION, DISTRIBUTION, ETC. (IMPRINT)
Place of publication, distribution, etc New York :
Name of publisher, distributor, etc McGraw Hill,
Date of publication, distribution, etc c2009.
650 ## - SUBJECT ADDED ENTRY--TOPICAL TERM
Topical term or geographic name as entry element Proverbs, Spanish.
942 ## - ADDED ENTRY ELEMENTS (KOHA)
Koha item type Audio Visual Materials
Holdings
Withdrawn status Lost status Damaged status Home library Current library Shelving location Date acquired Source of acquisition Total Checkouts Full call number Barcode Date last seen Price effective from Koha item type
      Luxembourg Library Luxembourg Library Audio Visual Material Section 11/05/2009     CD 468.2 SPA 2009 AV1190 04/14/2014 04/14/2014 Audio Visual Materials

101 Spanish proverbs /

APA

Aparicio E., . (2009). 101 Spanish proverbs. New York: McGraw Hill.

Chicago

Aparicio Eduardo, . 2009. 101 Spanish proverbs. New York: McGraw Hill.

Harvard

Aparicio E., . (2009). 101 Spanish proverbs. New York: McGraw Hill.

MLA

Aparicio Eduardo, . 101 Spanish proverbs. New York: McGraw Hill. 2009.

  • Place hold
  • Print
  • Cite
  • Add to your cart (remove)
  • Save record
    BIBTEX Dublin Core MARCXML MARC (non-Unicode/MARC-8) MARC (Unicode/UTF-8) MARC (Unicode/UTF-8, Standard) MODS (XML) RIS
  • More searches
    Search for this title in:
    Other Libraries (WorldCat) Other Databases (Google Scholar) Online Stores (Bookfinder.com) Open Library (openlibrary.org)

Exporting to Dublin Core...

SOUTHVILLE LIBRARY

Southville International School and Colleges Library

1281 Tropical Ave. Cor. Luxembourg St., BF Homes International, Las Pinas City

Tel. No. 8256374 / 252358 Loc. 117/146

Powered by Koha